<?xml version="1.0" encoding="UTF-8"?>
<collection xmlns="http://www.loc.gov/MARC21/slim">
 <record>
  <leader>04861ntm a22005297i 4500</leader>
  <controlfield tag="001">000723009</controlfield>
  <controlfield tag="003">CZ-PrVSE</controlfield>
  <controlfield tag="005">20250608110309.0</controlfield>
  <controlfield tag="006">m        d</controlfield>
  <controlfield tag="007">cr n||||||||||</controlfield>
  <controlfield tag="008">250608s2025    xr     fsbm   000 0 cze d</controlfield>
  <datafield tag="STA" ind1=" " ind2=" ">
   <subfield code="a">NEZPRACOVANÝ IMPORT</subfield>
  </datafield>
  <datafield tag="040" ind1=" " ind2=" ">
   <subfield code="a">ABA006</subfield>
   <subfield code="b">cze</subfield>
   <subfield code="c">ABA006</subfield>
   <subfield code="d">ABA006</subfield>
   <subfield code="e">rda</subfield>
  </datafield>
  <datafield tag="100" ind1="1" ind2=" ">
   <subfield code="a">Brdlík, Vojtěch</subfield>
   <subfield code="%">ISIS:150032</subfield>
   <subfield code="4">dis</subfield>
  </datafield>
  <datafield tag="242" ind1="1" ind2="0">
   <subfield code="a">Impact of the Labour Code (and other laws) changes on the HR strategy of companies</subfield>
   <subfield code="y">eng</subfield>
  </datafield>
  <datafield tag="245" ind1="1" ind2="0">
   <subfield code="a">Dopady novelizace zákoníku práce na personální strategii firem /</subfield>
   <subfield code="c">Vojtěch Brdlík</subfield>
  </datafield>
  <datafield tag="264" ind1=" " ind2="0">
   <subfield code="c">2025</subfield>
  </datafield>
  <datafield tag="300" ind1=" " ind2=" ">
   <subfield code="a">?? stran :</subfield>
   <subfield code="3">digital, PDF soubor</subfield>
  </datafield>
  <datafield tag="500" ind1=" " ind2=" ">
   <subfield code="a">Vedoucí práce: Marcela Palíšková</subfield>
  </datafield>
  <datafield tag="502" ind1=" " ind2=" ">
   <subfield code="a">Diplomová práce (Ing.)—Vysoká škola ekonomická v Praze. Fakulta podnikohospodářská, 2025</subfield>
  </datafield>
  <datafield tag="504" ind1=" " ind2=" ">
   <subfield code="a">Obsahuje bibliografii</subfield>
  </datafield>
  <datafield tag="516" ind1=" " ind2=" ">
   <subfield code="a">Textový (vysokoškolská kvalifikační práce)</subfield>
  </datafield>
  <datafield tag="518" ind1=" " ind2=" ">
   <subfield code="a">Rok obhajoby 2025</subfield>
  </datafield>
  <datafield tag="520" ind1="3" ind2=" ">
   <subfield code="a">Tato diplomová práce se zabývá novelami zákoníku práce a dalších zákonů na personální strategii zaměstnavatelů v souvislosti s dohodami o pracích konaných mimo pracovní poměr, tedy vysoce aktuálním tématem. Objektivní potřeba tohoto zkoumání je dána revolučností učiněných změn, které mají vysoký potenciál na dopad do HR strategie zaměstnavatelů. Nadto pro krátký časový odstup od učinění těchto změn zde nejsou dosud zpracovány dostatečné studie, které by se tomuto tématu věnovaly. Tato práce se proto snaží o propojení zkušeností zaměstnavatelů s exaktním popisem provedených legislativních změn, včetně jejích příčin, které mnohdy tkví v normotvorbě Evropské unie, potažmo vlastní motivací politických představitelů k uskutečnění těchto změn. Teoretická část práce proto nejprve prezentuje základní faktografická a statistická data, která se týkají dohod. Toto je následováno přehledem realizovaných změn, na které navazuje možný teoretický pohled na jejich ekonomické dopady. Práce si vytyčila dva cíle. Prvním bylo zhodnocení a navržení případných dílčích změn v souvislosti s novelizací zákoníku práce a souvisejících zákonů týkající se zaměstnávání osob na dohody mimo pracovní poměr. Druhým pak bylo zmapovat praktický dopad novel zákoníku práce a souvisejících zákonů na personální strategii zaměstnavatelů, a to co do ochoty zaměstnávat osoby na dohody o pracích konaných mimo pracovní poměr, jakož i zjistit postoje zaměstnavatelů ve vztahu k jednotlivým legislativním změnám. Pro dosažení těchto cílů bylo provedeno výzkumné šetření kvalitativní metodou, konkrétně hloubkovými rozhovory, a to mezi HR pracovníky 15 zaměstnavatelů. Data byla následně kódována pomocí SW MAXQDA. Bylo zjištěno, že v kauzálním důsledku provedení legislativních změn došlo k poklesu atraktivity dohod (zejm</subfield>
  </datafield>
  <datafield tag="520" ind1="8" ind2=" ">
   <subfield code="a">Dále bylo zjištěno, že jednotlivé změny jsou zaměstnavateli hodnoceny převážně negativně (nejvíce pak vznik nároku na dovolenou). Na základě provedeného šetření bylo následně analyzováno, jak současný systém zlepšit. Za zásadní doporučení platí zrušení současné hranice, při jejichž nedosažení se nehradí odvody, a její nahrazení obecnou odvodovou povinností (jako u pracovního poměru), a to při současném zavedení slevy na pojistném pro určité sociální skupiny (obdoba slevy na dani z příjmů). Za zásadní přínos práce je možné považovat potvrzení kauzálního vztahu mezi poklesem DPP a provedenými legislativními změnami, jakož i zmapování vnímání dopadů jednotlivých změn zaměstnavateli a jejich vlivem na HR strategii.</subfield>
  </datafield>
  <datafield tag="538" ind1=" " ind2=" ">
   <subfield code="a">Způsob přístupu: Internet</subfield>
  </datafield>
  <datafield tag="653" ind1="0" ind2=" ">
   <subfield code="a">management [obor dipl. práce]</subfield>
  </datafield>
  <datafield tag="655" ind1=" " ind2="7">
   <subfield code="a">diplomové práce</subfield>
   <subfield code="7">fd132022</subfield>
   <subfield code="2">czenas</subfield>
  </datafield>
  <datafield tag="655" ind1=" " ind2="9">
   <subfield code="a">master's theses</subfield>
   <subfield code="2">eczenas</subfield>
  </datafield>
  <datafield tag="690" ind1=" " ind2=" ">
   <subfield code="a">dohoda o pracovní činnosti</subfield>
  </datafield>
  <datafield tag="690" ind1=" " ind2=" ">
   <subfield code="a">dohoda o provedení práce</subfield>
  </datafield>
  <datafield tag="690" ind1=" " ind2=" ">
   <subfield code="a">novelizace</subfield>
  </datafield>
  <datafield tag="690" ind1=" " ind2=" ">
   <subfield code="a">legislativní proces</subfield>
  </datafield>
  <datafield tag="690" ind1=" " ind2=" ">
   <subfield code="a">personální strategie</subfield>
  </datafield>
  <datafield tag="700" ind1="1" ind2=" ">
   <subfield code="a">Palíšková, Marcela,</subfield>
   <subfield code="d">1961-</subfield>
   <subfield code="7">mzk2006331672</subfield>
   <subfield code="4">ths</subfield>
  </datafield>
  <datafield tag="700" ind1="1" ind2=" ">
   <subfield code="a">Šmíd, David</subfield>
   <subfield code="7">mzk2014826570</subfield>
   <subfield code="4">opn</subfield>
  </datafield>
  <datafield tag="710" ind1="2" ind2=" ">
   <subfield code="a">Vysoká škola ekonomická v Praze.</subfield>
   <subfield code="b">Podnikohospodářská fakulta</subfield>
   <subfield code="7">kn20010709402</subfield>
   <subfield code="4">dgg</subfield>
  </datafield>
  <datafield tag="856" ind1="4" ind2="0">
   <subfield code="u">https://insis.vse.cz/zp/89760/podrobnosti</subfield>
   <subfield code="y">VŠKP v InSIS</subfield>
  </datafield>
  <datafield tag="856" ind1="4" ind2="0">
   <subfield code="u">https://insis.vse.cz/zp/89760</subfield>
   <subfield code="y">Hlavní práce</subfield>
  </datafield>
  <datafield tag="856" ind1="4" ind2="0">
   <subfield code="u">https://insis.vse.cz/zp/89760/posudek/vedouci</subfield>
   <subfield code="y">Hodnocení vedoucího</subfield>
  </datafield>
  <datafield tag="856" ind1="4" ind2="0">
   <subfield code="u">https://insis.vse.cz/zp/89760/posudek/oponent/87669</subfield>
   <subfield code="y">Oponentura</subfield>
  </datafield>
  <datafield tag="999" ind1="4" ind2="0">
   <subfield code="u">https://insis.vse.cz/zp/89760/podrobnosti</subfield>
   <subfield code="y">dc:identifier</subfield>
  </datafield>
  <datafield tag="993" ind1=" " ind2=" ">
   <subfield code="x">NEPOSILAT</subfield>
   <subfield code="y">VSKP</subfield>
  </datafield>
  <datafield tag="999" ind1="4" ind2="9">
   <subfield code="a">vse89760</subfield>
   <subfield code="b">250603</subfield>
  </datafield>
  <datafield tag="999" ind1="4" ind2="5">
   <subfield code="x">89760</subfield>
  </datafield>
 </record>
</collection>
